|
|
|
|
| LEADER |
00000nam0a2200000 4500 |
| 001 |
290537 |
| 005 |
20231102000310.0 |
| 020 |
|
|
|a RU
|b 83-74882
|
| 035 |
|
|
|a (RuTPU)RU\TPU\book\315089
|
| 090 |
|
|
|a 290537
|
| 100 |
|
|
|a 20150407d1983 km y0rusy5003 ca
|
| 101 |
0 |
|
|a rus
|
| 102 |
|
|
|a RU
|
| 105 |
|
|
|a y z 000zy
|
| 200 |
1 |
|
|a Личное потребление и социалистическое воспроизводство
|f И. И. Столяров
|
| 210 |
|
|
|a Москва
|c Высшая школа
|d 1983
|
| 215 |
|
|
|a 272 с.
|
| 606 |
1 |
|
|a Социалистическое воспроизводство
|x Россия
|x СССР
|2 stltpush
|3 (RuTPU)RU\TPU\subj\55651
|9 73659
|
| 610 |
1 |
|
|a производство
|
| 610 |
1 |
|
|a потребление
|
| 610 |
1 |
|
|a личное потребление
|
| 610 |
1 |
|
|a методология
|
| 610 |
1 |
|
|a распределение
|
| 610 |
1 |
|
|a благосостояние
|
| 610 |
1 |
|
|a личность
|
| 610 |
1 |
|
|a развитие
|
| 610 |
1 |
|
|a развитой социализм
|
| 686 |
|
|
|a У9(2)0-96
|2 rubbk
|
| 700 |
|
1 |
|a Столяров
|b И. И.
|g Иван Игнатьевич
|4 070
|
| 801 |
|
0 |
|a RU
|b RuMRKP
|c 19950704
|g psbo
|
| 801 |
|
1 |
|a RU
|b 63413507
|c 20150407
|
| 801 |
|
2 |
|a RU
|b 63413507
|c 20180220
|g RCR
|
| 942 |
|
|
|c BK
|